| 000 | 01490nam a2200397Ii 4500 | ||
|---|---|---|---|
| 001 | DIGIURE0012 | ||
| 003 | NyNyDIG | ||
| 006 | m o d | ||
| 007 | cr ||||||||||| | ||
| 008 | 230315s2017 mx ob 001 0 spa d | ||
| 035 | _a(OCoLC)1054064478 | ||
| 040 |
_aDGITA _beng _erda _epn _cDGITA |
||
| 020 |
_a9786076160862 _qlibro electrónico |
||
| 020 |
_z9789685409223 _qlibro impreso |
||
| 050 | 1 | 4 | _aK5015.4 ebook |
| 100 | 1 |
_aCruz y Cruz, Elba, _eauthor. |
|
| 245 | 1 | 0 |
_aIntroducción al derecho penal / _cElba Cruz y Cruz. |
| 264 | 1 |
_aCiudad de México : _bIURE editores, _c[2017] |
|
| 300 | _a1 online resource. | ||
| 336 |
_atext _btxt _2rdacontent |
||
| 337 |
_acomputer _bc _2rdamedia |
||
| 338 |
_aonline resource _bcr _2rdacarrier |
||
| 347 |
_atext file _2rdaft |
||
| 347 | _bPDF | ||
| 490 | 1 | _aColección textos jurídicos | |
| 504 | _aIncludes bibliographical references and index. | ||
| 588 | 0 | _aOnline resource; title from PDF title page (Digitalia, viewed March 15, 2023) | |
| 650 | 0 | _aCriminal law. | |
| 791 | 2 |
_aDigitalia (Firm), _edistributor. |
|
| 793 | 0 |
_gDigitalia eBook Collection: _aIURE Editores |
|
| 776 | 0 | 8 |
_iPrint version: _aCruz y Cruz, Elba. _tIntroducción al derecho penal. _dCiudad de México : IURE editores, [2003] _z9789685409223 |
| 830 | 0 | _aColección textos jurídicos (Mexico City, Mexico) | |
| 856 | 4 | 0 |
_3Digitalia Hispánica _uhttps://www.digitaliapublishing.com/a/47202/ |
| 910 | _aPremium collection: 2023 | ||
| 942 | _cRAA | ||
| 999 |
_c250078 _d250078 |
||